000 00905cam a2200289 4500
001 4064011
003 OSt
005 20210914120440.0
008 731001s1967 enka b 000 0 eng
010 _a 67077213
015 _aB67-3439
038 _akhadija
040 _aDLC
_cDLC
_dDLC
050 0 0 _aQA76.4
_b.S78
082 0 0 _a510.782
_bSTE
100 1 _aStewart, C. A.
_q(Charles Arthur)
_982442
245 1 0 _aBasic analogue computer techniques /
_cby C. A. Stewart and R. Atkinson.
260 _aLondon,
_aNew York [etc.]
_bMcGraw-Hill
_c2009
300 _axi, 107 p.
_btables, diagrs.
_c21 1/2 cm.
504 _aBibliography: p. [103]
563 _apaperback
650 0 _aElectronic analog computers.
_982443
700 1 _aAtkinson, R.
_q(Ronald),
_ejoint author.
_982444
906 _a7
_bcbc
_corignew
_du
_eopcn
_f19
_gy-gencatlg
942 _2ddc
_cBK
999 _c32580
_d32580